| 000 | 00734nam a2200229 a 4500 | ||
|---|---|---|---|
| 008 | |||
| 020 | _a0192815458 (pbk.) | ||
| 049 | _aMAIN | ||
| 090 |
_aPR5684.F7 _bTRO |
||
| 100 | 1 | _aTrollope, Anthony. | |
| 245 | 1 | 0 |
_aFramley Parsonage / _cAnthony Trollope ; with an introd. and notes by P. D. Edwards. |
| 260 |
_aOxford ; _aNew York : _bOxford University Press, _c1980. |
||
| 300 |
_axxvii, 592 p. ; _c19 cm. |
||
| 440 | _aThe World's classics. | ||
| 504 | _aIncludes bibliographical references. | ||
| 650 |
_aEnglish Literature _d19th century. |
||
| 907 |
_a.b10131450 _b08-05-12 _c26-07-04 |
||
| 003 | |||
| 005 | 20230123133801.0 | ||
| 040 | _cNUST | ||
| 942 |
_cBOOKS _kPR5684.F7 _mTRO |
||
| 999 |
_c154557 _d154557 |
||